000 00612nam a2200229 i 4500
001 C2-0254422
003 PPAK
005 20180727222107.0
008 040504s1991 my |||| ||||| | may d
040 _aPPAK
_beng
_cPPAK
_erda
082 0 4 _a297.52
_223
090 0 0 _a297.52
_bNAH
_dR
100 0 _aNahrawi b. Hj. Marzoki,
_eauthor
245 1 0 _aMencari keredaan Allah S.W.T
264 1 _aSelangor :
_bDarul Sa'adah ,
_c1991
300 _a130 pages ;
_c21 cm
336 _2rdacontent
_atext
337 _2rdamedia
_aunmediated
338 _2rdacarrier
_avolume
650 1 0 _aPrayer (Islam)
942 _ddc
_cB
999 _c67146
_d67146